03303nab a22006977 4500003000900000022001400009040001800023041000800041044000700049245001100056260002500067300004300092505001100135505002800146505001900174505009300193505002300286505019000309505001900499505012100518505002700639505009300666505002100759505009200780505003100872505001600903505007400919505002700993505003101020505009301051505001701144505014901161505001801310505007801328505009901406505002201505505011101527505002501638505005201663505002601715505007101741505005501812505001301867505007601880505003801956505003001994505007702024505002302101505002702124505001302151505008402164505001702248505009902265505001802364505004302382600003102425600002402456600001802480650003302498773007402531AR-RoUNA a0327-9022 aAR-RoUNAbspa aspa aag aSumma+ aBuenos Aires ,c1993 a128 p. :bil. byn.bplanosc34 X25 cm.0 tINDICE0 tEQUIPAMIENTOS SUBURBANO0 tHITO Y PAISAJE0 aAtelman - Fourcade - Tapia / Nordelta Golf Club, Tigre, Pcia de Buenos Aires, 2008. p. 20 tPABELLÓN EN GAMA0 aDaniel Szuldman - Mario Zambonini, Javier Esteban - Ligia Gaffuri - Martín Torrado / Complejo deportivo Sector Tenis en Club de Campo Hacoaj, Tigre, Pcia de Buenos Aires, 2007. p. 140 tVUELO ETÉREO0 aHampton - Rivoira + Cristian Carnicer / El lugar de las aves, Temaikén, Escobar, Pcia de Buenos Aires, 2009. p. 200 tADICION Y SUSTRACCION 0 aFernando Diez / Adición y sustracción : de la organización a la metáfora. p. 320 tROCA EN LA PAMPA0 aJohnston MarkLee + Diego Arraigada / Casa View, Rosario, Pcia. de Santa Fe, 2009. p. 380 tADICIÓN Y SUSTRACCIÓN 0 tNUEVO ATRIO0 aKWK Promes / Outrial House (Casa) , Ksiąznice, Polonia, 2007. p. 440 tFÁBRICA DE CHOCOLATE0 aPor Alejandro Hernández:0 aRojkind Arquitectos / Nestlé Grupo de Aplicación, Querétaro, México, 2007. p. 500 tPILA DE ARTE0 aKazuyo Sejima + Ryue Nishizawa - Sanaa / New Museum of contemporary Art (Museo de Arte Contemporáneo), Nueva York, Estados Unidos, 2007. p. 580 tCAJA DE CAJAS0 aBlanca Lleó y MVRDV / Edificio Celosía, Madrid, España, 2009. p. 660 aBlanca Lleó Asociados S.L / 97 Viviendas HJ para Jóvenes, Barcelona, España, 2009. p. 720 tREPRESENTACIÓN 0 aHoracio E. Caride Bartrons, colaborador Luis O'Grady./ La función simbólica de la arquitectura. p. 78 0 tPREMIO PRITZKER 20090 aLuis O'Grady: Entrevista a Peter Zumthor. p. 820 tINTERIORES - CASA FOA0 aDébora Cerchiara / El interiorismo festeja su aniversario. p. 880 aPablo Meninato / Duchamp y la arquitectura. p. 1040 tDISEÑO0 aDebora Cerchiara y Fernando Díez / Diseño y sustentabilidad. p. 1100 tPRESENTACIÓN - BRINDIS DE COLOR0 tFRAGMENTOS - BUENOS AIRES0 aJuan Antonio Lázara / Las iglesias clonadas de Carlos C. Massa. p. 1180 tCUADERNO DE VIAJES0 tCOPENHAGUE EN EL PAPEL0 tTEXTURAS0 aRoberto Fernández / Microeuropa: Sauerbruch & Hutton; Bolles & Wilson. p. 1230 tREVELACIONES0 aMario Sabugo / El misterio de la ducha del bidet: 1. El inexistente argentino Williams. p. 1260 tPOST SCRIPTUM0 aRubén Cherny / El forro roto. p. 128 0aBardi, Lina Bod1914-1992. 0a Roeding, Christopf 0aSchop, Ulrich aArquitectura contemporánea0 aSumma+dBuenos Aires, ArgentinagNº104 (nov-2009), p. 128x0327-9022